000 00615nam a2200217Ia 4500
003 OSt
005 20220928140637.0
006 a|||||r|||| 00| 0
007 ta
008 220927b |||||||| |||| 00| 0 eng d
024 _a10351
037 _cTextual
040 _aSDCL
_cSDCL
_beng
041 _2eng
_aeng
082 _aO-,3M3:g, L3
100 _aMerriman James Douglas
_9496502
245 0 _aFlower of kings
_b A study of the arthurian legend in England between 1485 and 1835.
260 _c1973
942 _hO-,3M3:g, L3
_cTEXL
_2CC
999 _c812873
_d812873